000 005080000a22001570004500
003 MACL
005 20180206123153.0
008 180206b xxu||||| |||| 00| 0 eng d
040 _cmacl
100 _aवत्‍स ,श्री निवास
_970274
245 _aहिलने लगी धरती बाल कथाएॅ
260 _aदिल्‍ली
_bहिमाचल
_c2011
350 _a200
650 _aचिल्‍ड्रन बु‍क
_9159
942 _cHIN
_k741.642
_2ddc
999 _c48520
_d48520